Rio de Janeiro... or São Paulo? - Statistics

General Stats
  • This quiz has been taken 124 times
  • The average score is 11 of 15
Answer Stats
Question Answer % Correct
Has a higher population São Paulo
98%
Has hosted the Olympic Games Rio de Janeiro
94%
Was once the capital of Brazil Rio de Janeiro
90%
Is the capital of a Brazilian state Both
89%
Is further east Rio de Janeiro
88%
Has the soccer stadium with the largest capacity Rio de Janeiro
88%
Is further south São Paulo
87%
Has the tallest building São Paulo
86%
Has a higher GDP São Paulo
83%
Is located on the coast Rio de Janeiro
61%
Is bigger than Buenos Aires São Paulo
58%
Where the Independence of Brazil was proclaimed São Paulo
55%
Reached 1 million people before 1950 Both
42%
Has hosted the Pan American Games Both
38%
Was founded first São Paulo
28%
No matching quizzes found
Score Distribution
Percent of People with Each Score
Percentile by Number Answered
Your Score History
You have not taken this quiz